000 00515nam a2200205 a 4500
999 _c6712
_d6712
001 6712
003 BD-JhCC
005 20180128170558.0
008 180128s1955 uk |||| |||| 000 0 eng d
035 _a(BD-JhCC)
040 _aBD-JhCC
_dBD-JhCC
041 _aeng
082 _a9255
_bRID 1955
100 _aRidout, Ronald
245 _aWhatever The Odds /
_cRonald Ridout
260 _aPakistan:
_bRipon Printing Press, Lahore;
_c1968
300 _a201 p;,
_c20 cm
650 _aEnglish language
942 _2ddc
_cBK